Lenguaje 4 : EGB, ciclo medio

Guardado en:
Detalles Bibliográficos
Autor Corporativo: Editorial Santillana. Departamento de Investigaciones Educativas .
Otros Autores: Mínguez, Nieves Ferro San Vicente, Enrique Ramos Pérez, Antonio . Abad, Julián
Formato: Libro
Lenguaje:español
Publicado: Madrid : Santillana, D.L. 1992
Catálogo:MANES:  Resultados de Búsqueda del Catálogo
Clasificación de libros de texto:
Etiquetas: Agregar Etiqueta
Sin Etiquetas, Sea el primero en etiquetar este registro!
Añadido a:2019-02-09
Cambiado en:2025-05-07

MARC

LEADER 00000cam a2200000 i 4500
005 20250507134449.0
008 190210s1992 espa fp 000 0 spa0d
020 |a 8429427317 
040 |a uned  |b spa  |c entro-manes 
245 0 0 |a Lenguaje 4 :   |b EGB, ciclo medio /   |c es una obra colectiva concebida, diseñada y creada en el Departamento de Investigaciones Educativas de la editorial Santillana ; ha intervenido Nieves Mínguez, Enrique Ferro ; bajo la dirección de Antonio Ramos Pérez ; dirección editorial, Julián Abad 
260 |a Madrid :   |b Santillana,   |c D.L. 1992 
300 |a 159 p. :   |b il. 
546 |a España 
561 |5 es-BUNED  |3 L.T.M. 2995  |a España. Fondo Manes UNED  |k MANES 
690 0 |a LEN 
691 0 |a PRI 
700 1 |a Mínguez, Nieves  |9 31267  |a Ferro San Vicente, Enrique  |9 31246  |a Ramos Pérez, Antonio .  |9 33564  |a Abad, Julián  |9 31817 
710 2 |a Editorial Santillana.  |b Departamento de Investigaciones Educativas . 
942 |2 ddc  |c BK 
999 |c 95028  |d 95028 
999 |c manes:95028  |d 95028